| 000 | 00737cam a2200241 a 4500 | ||
|---|---|---|---|
| 020 | _a0078396085 (IBM) | ||
| 020 | _a9780078396083 (IBM) | ||
| 020 | _a0078396050 (Mac) | ||
| 020 | _a9780078396052 (Mac) | ||
| 020 | _a0071138463 (pbk.) | ||
| 020 | _a9780071138468 (pbk.) | ||
| 040 | _cDLC | ||
| 082 | _a519 MCG 1994 A030 Or. | ||
| 100 | 1 | _aBarnes, J. Wesley. | |
| 245 | 1 | 0 |
_aStatistical analysis for engineers and scientists : _ba computer-based approach / |
| 260 |
_aNew York : _bMcGraw-Hill, _cc1994. |
||
| 300 |
_axxvii, 396 p. : _bill. ; _c25 cm. |
||
| 500 | _aRev. ed. of: Statistical analysis for engineers. c1988. | ||
| 500 | _aIncludes index. | ||
| 650 | 0 | _aEngineering | |
| 700 | 1 | _aBarnes, J. Wesley. | |
| 942 | _cEK | ||
| 999 |
_c11518 _d11518 |
||